00541cam a2200193 a 4500008004100000020002200041100001800063245005400081250001200135260003000147300003500177500002000212650002900232650002800261650003100289003000100320005001700321040000900338  a0582356938 (pbk.)1 aTimings, R.L.10aManufacturing technologynvol. 1 /cR.L. Timings. a3rd ed. aHarlow :bLongman,c1998. axiv, 402 p. :bill. ;c24 cm. aIncludes index. 0aManufacturing processes. 0aProduction engineering. 0aTechnological innovations.20230123134451.0 cNUST